00652cam a2200181 a 4500020002800000082002700028100002100055245005200076250001400128260005100142300005800193526003700251650002100288650000900309700002600318856005900344856006700403 a0471441074 (alk. paper)00a304.2bBLJcN-01,P-1451 aDe Blij, Harm J.10aHuman geography :bculture, society, and space. a7th ed. / aIslamabad :bNational Book Foundation,cc2003. axii, 555, 28, 10 p. :bcol. ill., col. maps ;c28 cm. a0b0c0d304_200000000000000_BLJ 0aHuman geography. 0aNUST1 aMurphy, Alexander B.,41uhttp://www.loc.gov/catdir/toc/wiley023/2002066396.html42uhttp://www.loc.gov/catdir/description/wiley037/2002066396.html